| 000 | 00000nam##2200000za#4500 |
| 001 | 9.571955 |
| 003 | CaOODSP |
| 005 | 20210624183000 |
| 007 | cr ||||||||||| |
| 008 | 150406|1998||||xxc|||||o f|0| 0 eng|d |
| 040 | |aCaOODSP|beng |
| 043 | |an-cn--- |
| 086 | 1 |aC21-27/3-1998-1E-PDF |
| 110 | 1 |aCanada. |bIndustry Canada. |
| 245 | 10|aInstitutions and growth : |h[electronic resource]|bframework policy as a tool of competitive advantage for Canada / |cby Ronald Daniels. |
| 260 | |aOttawa - Ontario : |bIndustry Canada |cDécembre 1998. |
| 300 | |a55p. |
| 490 | 1 |aCanada in the 21st century. III, Responding to the challenges|vNo. 11 |
| 500 | |aThe catalogue number (C21-27/3-1998-1) and ISBN (0-662-63955-3) for the bilingual print edition have been incorrectly copied in this electronic publication. |
| 504 | |aBibliography. |
| 590 | |a11-24-Supp|b2011-10-24 |
| 690 | 07|aCompetitiveness|2gcpds |
| 690 | 07|aEconomic conditions|2gcpds |
| 690 | 07|aGovernment policy|2gcpds |
| 720 | 1 |aDaniels, Ronald |
| 775 | 08|tInstitutions et croissance : |w(CaOODSP)9.602375 |
| 776 | 0#|tInstitutions and growth: framework policy as a tool of competitive advantage for Canada / |w(CaOODSP)9.531374 |
| 776 | 0#|tInstitutions et croissance: les politiques-cadres en tant qu'instrument de compétitivité pour le Canada / |w(CaOODSP)9.531375 |
| 830 | #0|aCanada in the 21st century. III, Responding to the challenges ;|vNo. 11|w(CaOODSP)9.506524 |
| 856 | 40|ahttp://publications.gc.ca|qPDF|s140 KB|uhttps://publications.gc.ca/collections/Collection/C21-27-3-1998-1E.pdf|yNo. 11 |